1296 1681 1913 1201 1648 1603 1704 1187 1298 1025 1989 1751 1208 1540 1693 1204 1820 1426 1967 1843 1406 1339 1206 1743 1244 1505 1108 1824 1231 1856 1205 1914 1945 1758 1967 1527 1046 1484 1393 1757 1996 1871 1517 1421 1058 1673 1337 1289 1927 1193 1648 1266 1587 1947 1977 1617 1966 1075 1183 1232 1774 1505 1491 1392 1842 1310 1307 1184 1326 1874 1835 1274 1979 1284 1848 1403 1421 1733 1702 1330 1711 1033 1217 1912 1348 1847 1275 1984 1471 1416 1784 1940 1727 1118 1797 1972 1089 1526 1222 BCNSPRNW ULIB Ver.6.0+V

เปลี่ยนเป็นภาษาไทย

Change to English
 แสดงรายละเอียดบรรณานุกรม
  กลับหน้าหลัก

Brief Record : Get Marc (ISO 2709) : E-mail record : QR code < ปิดหน้าต่าง
LEADER : 00000nam 2200000uu 4500
001    13399120601
003     ULIB
008    120928s2550||||th 000 0 tha d
020    ^a9749245407
060 04 ^aWY150^bร765ค 2550
099    ^aเรณู อาจสาลี
245 10 ^aคำศัพท์การพยาบาลผู้ใหญ่ /^cเรณู อาจสาลี
250    ^aพิมพ์ครั้งที่ 3
260    ^aกรุงเทพฯ :^bคณะพยาบาลศาสตร์ มหาวิทยาลัยมหิดล,^c2550
300    ^a187 หน้า
650  7 ^aการพยาบาลผู้ใหญ่^xคำศัพท์
710 2  ^aมหาวิทยาลัยมหิดล^bคณะพยาบาลศาสตร์
945    ^p55^l0^i14964
995    ^a วิภา
999 ^a ใช้งานได้ทุกระบบ
รายการนี้ยังไม่มีแท็ก
คุณยังไม่ได้ล็อกอิน คุณสามารถมีกิจกรรมร่วมกับเว็บไซต์ได้ แต่ต้องล็อกอินก่อน ::
  ล็อกอิน

รายการสื่อสารสนเทศ

ลำดับที่ ประเภท เลขเรียก/บาร์โค้ด สถานที่ สถานะ
1. วิทยาศาสตร์การแพทย์ และสุขภาพ
วิทยาศาสตร์การแพทย์ และสุขภาพ
เรณู อาจสาลี WY150 ร765ค 2550  
  Barcode: 14964
ห้องสมุดวิทยาเขตสวรรค์ประชารักษ์
►ส่วนจัดเก็บหนังสือเก่า สปร
บนชั้น
  ขอยืม

BibComment


ยังไม่เคยถูกคอมเมนท์

คอมเมนท์ทรัพยากรรายการนี้
  คอมเมนท์: คำศัพท์การพยาบาล..


 Copyright 2026. Bcnsprnw @Library